000 00961nam2a22002291 4500
001 rc\1081344
005 20250622192640.0
035 _a(NLR Aleph) 006380430
090 _a5076039
_c5076039
100 _a20041126d1984 |||y0rusy50 ca
101 0 _arus
102 _aRU
105 _aa |||||||||
200 0 _aТ. 2
210 _d1984
_aБ. м.
215 _a510 с., 4 л. цв. ил.
_d15х14
461 0 _1001rc\1081342
_12001#$aСовременная латышская поэзия$e[Пер. с латыш.]$eВ 2 т.$f[Сост. и авт. вступ. статьи И. Аузинь$gРедкол. В. Андреев и др.]$vТ. 2
_95076024
_cРига
_d1984-
_f[Сост. и авт. вступ. статьи И. Аузинь
_nЛиесма
_o[Пер. с латыш.] : В 2 т.
_tСовременная латышская поэзия
_vТ. 2
801 0 _aRU
_bNLR
_gpsbo
801 1 _aRU
_bELAR
_2rusmarc
852 _aNLR
_j84-1/185
942 _cBOOK
980 _aNB